000 00803nam a2200205Ii 4500
003 JO-AjNU
008 230605s9999||||xx |||||||||||||| ||und||
040 _aJO-AjNU
_bara
_erda
_cJO-AjNU
041 _aara
050 1 4 _aDT70.B2712 2000
100 3 _aحسنين، عادل,
_eauthor
_940007
245 0 0 _aمصر والمصريون من بدء الاصلاح الاقتصادي الى بداية القرن الحادي والعشرين، الجزء الخامس
250 _aط1
264 3 1 _aالقاهرة: دار اماندو للنشر، 2000
300 _aج5، 851-1097ص
336 _atext
_btxt
_2rdacontent
337 _aunmediated
_bn
_2rdamedia
338 _avolume
_bnc
_2rdacarrier
650 4 _aمصر - الاصلاخ الاقتصادي -القرن العشرين-تاريخ
_940008
999 _aA16943
_c20511
_d20511